| 000 | 01129nam a22003970a 4500 | ||
|---|---|---|---|
| 001 | PT46559 | ||
| 003 | AR-LpoUNG | ||
| 005 | 20210201010357.0 | ||
| 008 | 201001s2010||||ag |||||||||||||||||spa d | ||
| 020 |
_a9789871727209 _c$125 |
||
| 040 |
_aAR-LpoUNG _bspa _eaacr |
||
| 041 | _aspa | ||
| 044 | _aag | ||
| 082 | 0 | _a320.014 828coc | |
| 100 | 1 | _aMorales, María Virginia | |
| 245 | 1 | 0 |
_aDe la cocina a la plaza : _bla categoría "madre" en el discurso de las Madres de Plaza de Mayo y su repercusión en la esfera de lo político |
| 250 | _a1ª ed. | ||
| 260 |
_aVilla María : _bEduvim, _c2010. |
||
| 300 |
_a140 p. : _btbls., gráfs., fot. _3Impreso |
||
| 490 | 0 |
_aPrimeros pasos ; _vno.5 |
|
| 650 | 4 | _aANALISIS HISTORICO | |
| 650 | 4 | _aARGENTINA | |
| 650 | 4 | _aCIENCIA POLITICA | |
| 650 | 4 | _aDEMOCRACIA | |
| 650 | 4 | _aDICTADURA | |
| 650 | 4 | _aDISCURSOS | |
| 650 | 4 | _aGOBIERNO MILITAR | |
| 650 | 4 | _aHISTORIA | |
| 650 | 4 | _aHISTORIA SOCIAL | |
| 651 | 4 | _aArgentina | |
| 653 | _aANALISIS DEL DISCURSO | ||
| 653 | _aDESAPARECIDOS | ||
| 653 | _aMADRES DE PLAZA DE MAYO | ||
| 905 | _a46559 | ||
| 942 | _cLIB | ||
| 999 |
_c51092 _d51092 |
||